Staff Papers International Monetary Fund

Salvato in:
Dettagli Bibliografici
Natura: Periodico
Lingua:inglese
Pubblicazione: Washington International Monetary Fund 1982
Soggetti:
Tags: Aggiungi Tag
Nessun Tag, puoi essere il primo ad aggiungerne!!

MARC

LEADER 00000nas2a2200000 4500
001 s016626
005 20240109080409.7
022 |a 0020-8027 
041 0 |a eng 
044 |a US 
245 1 0 |a Staff Papers  |b International Monetary Fund 
264 1 |a Washington  |b International Monetary Fund  |c 1982 
300 |a 1 zv. 
773 0 |w eu_un_cat*s120286 
610 2 0 |a financie medzinárodné 
610 2 0 |a Medzinárodný menový fond